Thesaurus of extension education (Record no. 157227)

MARC details
000 -LEADER
fixed length control field 00740nam a22002897a 4500
003 - CONTROL NUMBER IDENTIFIER
control field OSt
020 ## - INTERNATIONAL STANDARD BOOK NUMBER
International Standard Book Number 9788170195207
020 ## - INTERNATIONAL STANDARD BOOK NUMBER
International Standard Book Number 8170195205
020 ## - INTERNATIONAL STANDARD BOOK NUMBER
International Standard Book Number 1555281764
082 ## - DEWEY DECIMAL CLASSIFICATION NUMBER
Classification number 413.1
Item number MUT/TH
100 ## - MAIN ENTRY--PERSONAL NAME
Personal name Muthuraman, P
245 ## - TITLE STATEMENT
Title Thesaurus of extension education
260 ## - PUBLICATION, DISTRIBUTION, ETC. (IMPRINT)
Place of publication, distribution, etc New Delhi
Name of publisher, distributor, etc Today and Tomorrow's Printers and Publishers
Date of publication, distribution, etc 2016
300 ## - PHYSICAL DESCRIPTION
Extent 398p
546 ## - LANGUAGE
Language note English
650 ## - SUBJECT ADDED ENTRY--TOPICAL TERM
Topical term or geographic name as entry element Agricultural insurance
650 ## - SUBJECT ADDED ENTRY--TOPICAL TERM
Topical term or geographic name as entry element Agricultural journalism
650 ## - SUBJECT ADDED ENTRY--TOPICAL TERM
Topical term or geographic name as entry element Farm broadcasting
650 ## - SUBJECT ADDED ENTRY--TOPICAL TERM
Topical term or geographic name as entry element Cone of experience
650 ## - SUBJECT ADDED ENTRY--TOPICAL TERM
Topical term or geographic name as entry element Concept based search
700 ## - ADDED ENTRY--PERSONAL NAME
Personal name Ravi Shankar, K
700 ## - ADDED ENTRY--PERSONAL NAME
Personal name Jun Takeda
700 ## - ADDED ENTRY--PERSONAL NAME
Personal name Nirmala, G
700 ## - ADDED ENTRY--PERSONAL NAME
Personal name Nagasree, K
700 ## - ADDED ENTRY--PERSONAL NAME
Personal name Pankaj, P K
942 ## - ADDED ENTRY ELEMENTS (KOHA)
Source of classification or shelving scheme Dewey Decimal Classification
Koha item type Books (General)
Holdings
Lost status Source of classification or shelving scheme Damaged status Not for loan Collection code Home library Current library Shelving location Date acquired Cost, normal purchase price Total Checkouts Full call number Barcode Date last seen Koha item type
  Dewey Decimal Classification     General KAU Central Library, Thrissur KAU Central Library, Thrissur General 28/07/2017 1995.00   413.1 MUT/TH 226672 28/07/2017 Books (General)
Kerala Agricultural University Central Library
Thrissur-(Dt.), Kerala Pin:- 680656, India
Ph : (+91)(487) 2372219
E-mail: librarian@kau.in
Website: http://library.kau.in/